Crítica de la división del trabajo / (Registro nro. 12289)
[ vista simple ]
| 000 -CABECERA | |
|---|---|
| campo de control de longitud fija | 00802nam a2200241 a 4500 |
| 005 - FECHA Y HORA DE LA ÚLTIMA TRANSACCIÓN | |
| campo de control | 20260109063954.0 |
| 008 - ELEMENTOS DE LONGITUD FIJA--INFORMACIÓN GENERAL | |
| campo de control de longitud fija | 991125s1977 bar 000 0 spa u |
| 020 ## - NÚMERO INTERNACIONAL NORMALIZADO PARA LIBROS | |
| Número Internacional Estándar del Libro | 8472223493 |
| 035 ## - NÚMERO DE CONTROL DEL SISTEMA | |
| Número de control de sistema | UPN01000012289 |
| 049 ## - COLECCIÓN | |
| Colección | CG |
| 050 #4 - SIGNATURA TOPOGRÁFICA DE LA BIBLIOTECA DEL CONGRESO | |
| Número de clasificación | HD51 |
| Número de documento/Ítem | C7.38 |
| 245 00 - MENCIÓN DE TÍTULO | |
| Título | Crítica de la división del trabajo / |
| Mención de responsabilidad, etc. | textos de Karl Marx ... [et al.] ; selec. y presentados por André Gorz ; tr. Pere Darnell. |
| 260 ## - PUBLICACIÓN, DISTRIBUCIÓN, ETC. | |
| Lugar de publicación, distribución, etc. | Barcelona, Esp. : |
| Nombre del editor, distribuidor, etc. | Laia, |
| Fecha de publicación, distribución, etc. | 1977. |
| 300 ## - DESCRIPCIÓN FÍSICA | |
| Extensión | 313 p. |
| 440 #0 - MENCIÓN DE SERIE/ASIENTO SECUNDARIO--TÍTULO | |
| Título | Ediciones de bolsillo ; |
| Designación de volumen o secuencia | 529 |
| 534 ## - NOTA SOBRE LA VERSIÓN ORIGINAL | |
| Encabezamiento principal del original | Traducción de: |
| Mención de título del original | Critique de la division du travail |
| 650 #2 - ASIENTO SECUNDARIO DE MATERIA - TERMINO TEMATICO | |
| Término de materia o nombre geográfico como elemento de entrada | División del trabajo |
| 9 (RLIN) | 14959 |
| 650 #4 - ASIENTO SECUNDARIO DE MATERIA - TERMINO TEMATICO | |
| Término de materia o nombre geográfico como elemento de entrada | Capitalismo |
| 9 (RLIN) | 6436 |
| 650 #4 - ASIENTO SECUNDARIO DE MATERIA - TERMINO TEMATICO | |
| Término de materia o nombre geográfico como elemento de entrada | Economía |
| 9 (RLIN) | 11541 |
| 700 1# - ASIENTO SECUNDARIO--NOMBRE DE PERSONAL | |
| Nombre de persona | Marx, Karl, |
| Fechas asociadas al nombre | 1818-1883 |
| Término indicativo de función/relación | coaut. |
| 700 1# - ASIENTO SECUNDARIO--NOMBRE DE PERSONAL | |
| Nombre de persona | Gorz, André, |
| Fechas asociadas al nombre | 1924- , |
| Término indicativo de función/relación | comp. |
| 905 ## - TIPO DE MATERIAL | |
| Tipo de material | Libro |
| Estado de retiro | Estado de pérdida | Fuente del sistema de clasificación o colocación | Estado dañado | No para préstamo | Código de colección | Localización permanente | Ubicación/localización actual | Ubicación en estantería | Total de préstamos | Clasificación | Código de barras | Fecha visto por última vez | Número de copia | Tipo de ítem Koha |
|---|---|---|---|---|---|---|---|---|---|---|---|---|---|---|
| Library of Congress Classification | Colección General | Bib. Gregorio Torres Quintero | Bib. Gregorio Torres Quintero | Planta baja | HD51 C7.38 | 21492 | 31/12/2020 | 1 | Libro |